000 00652nam a2200241Ia 4500
003 OSt
005 20220918165741.0
006 a|||||r|||| 00| 0
007 ta
008 220917b |||||||| |||| 00| 0 eng d
020 _a8171171400 (hbk)
024 _a162,352
037 _cTextual
040 _aARTS
_cARTS
_beng
041 _2eng
_aeng
082 _aW:5, N4
245 0 _aHuman rights
_b principles, practices and abuses edited by Naorem Sanajaoba
260 _aNew Delhi
_bOmsons Publications
_c1994
300 _ax, 324p.
_ccm.
650 _aPOLITICAL SCIENCE
942 _hW:5, N4
_cTEXL
_2CC
999 _c130944
_d130944